<?xml version="1.0" encoding="UTF-8"?><?xml-stylesheet type="text/xsl" href="static/style.xsl"?><OAI-PMH xmlns="http://www.openarchives.org/OAI/2.0/" xmlns:xsi="http://www.w3.org/2001/XMLSchema-instance" xsi:schemaLocation="http://www.openarchives.org/OAI/2.0/ http://www.openarchives.org/OAI/2.0/OAI-PMH.xsd"><responseDate>2026-04-29T10:59:54Z</responseDate><request verb="GetRecord" identifier="oai:uvadoc.uva.es:10324/4662" metadataPrefix="marc">https://uvadoc.uva.es/oai/request</request><GetRecord><record><header><identifier>oai:uvadoc.uva.es:10324/4662</identifier><datestamp>2021-06-29T09:46:31Z</datestamp><setSpec>com_10324_38</setSpec><setSpec>col_10324_852</setSpec></header><metadata><record xmlns="http://www.loc.gov/MARC21/slim" xmlns:doc="http://www.lyncode.com/xoai" xmlns:xsi="http://www.w3.org/2001/XMLSchema-instance" xmlns:dcterms="http://purl.org/dc/terms/" xsi:schemaLocation="http://www.loc.gov/MARC21/slim http://www.loc.gov/standards/marcxml/schema/MARC21slim.xsd">
<leader>00925njm 22002777a 4500</leader>
<datafield tag="042" ind1=" " ind2=" ">
<subfield code="a">dc</subfield>
</datafield>
<datafield tag="720" ind1=" " ind2=" ">
<subfield code="a">Cano Moral, Adela</subfield>
<subfield code="e">author</subfield>
</datafield>
<datafield tag="260" ind1=" " ind2=" ">
<subfield code="c">2013</subfield>
</datafield>
<datafield tag="520" ind1=" " ind2=" ">
<subfield code="a">“Si siempre hacemos lo mismo, nunca podremos mejorar” (Einstein). &#xd;
Partiendo de este lema, se presenta una propuesta innovadora en el aula de educación infantil, en la que habitualmente se trabaja a través de unidades didácticas elaboradas por una editorial. Con el objetivo de experimentar y crecer como futuros docentes, llevamos a la práctica una iniciativa basada en el trabajo por proyectos. El contenido trabajado no viene impuesto por una editorial, sino que parte de la realidad del aula y del interés del alumnado. Además, se incide en la colaboración de las familias como eje fundamental del proceso de enseñanza-aprendizaje.&#xd;
El tema desarrollado en este proyecto pertenece al área curricular de” Conocimiento del entorno”, “la cultura y vida en sociedad”, ya que pretendemos aprovechar la diversidad cultural del aula para aprender un poco más de los países de nuestros compañeros y compañeras.</subfield>
</datafield>
<datafield tag="024" ind2=" " ind1="8">
<subfield code="a">http://uvadoc.uva.es/handle/10324/4662</subfield>
</datafield>
<datafield ind1=" " ind2=" " tag="653">
<subfield code="a">Multiculturalismo</subfield>
</datafield>
<datafield ind1=" " ind2=" " tag="653">
<subfield code="a">Educación intercultural</subfield>
</datafield>
<datafield tag="245" ind1="0" ind2="0">
<subfield code="a">El proyecto Trotamundos: una propuesta de innovación para el aula de Educación Infantil</subfield>
</datafield>
</record></metadata></record></GetRecord></OAI-PMH>